| 000 | 01000nam a2200229Ia 4500 | ||
|---|---|---|---|
| 003 | Ost | ||
| 005 | 20260507075521.0 | ||
| 008 | 260507s9999||||xx |||||||||||||| ||und|| | ||
| 020 | _a9789947012178 | ||
| 040 | _cfsecg | ||
| 041 | _aara | ||
| 082 | _a310 | ||
| 100 |
_aتيلولت، سامية ، _eمؤلف |
||
| 245 | 0 |
_aمبادئ في الإحصاء / _c سامية تيلولت |
|
| 250 | _aطبعة 3 | ||
| 260 |
_aالجزائر : _bدار الحديث للكتاب للطباعة والنشر والتوزيع, _c2016 |
||
| 300 |
_a352 صفحة؛ _bإيضاحات ؛ _c23 سم |
||
| 504 | _aبيبليوغرافيا: ص ص.339-340 | ||
| 520 | _aيضم مفاهيم أولية حول علم الإحصاء، مقاييس النزعة المركزية، مقاييس التشتت والشكل، السلاسل الزمنية، تمارين محلولة ونماذج من إمتحانات. | ||
| 653 | _aالإحصاء - المعاملات الإرتباطية | ||
| 942 | _cكتاب | ||
| 999 |
_c44776 _d44776 |
||